Democracy Index - Statistics

General Stats
  • This quiz has been taken 106 times
  • The average score is 16 of 20
Answer Stats
Score Country % Correct
9,11 Denmark
94%
9,45 Sweden
94%
8,05 United States
94%
9,01 Australia
93%
9,58 Iceland
93%
9,93 Norway
93%
9,03 Finland
92%
9,08 Canada
91%
8,31 United Kingdom
91%
8,64 Germany
90%
9,26 New Zealand
89%
8,54 Austria
87%
8,92 Netherlands
86%
8,30 Spain
83%
9,09 Switzerland
82%
8,85 Ireland
78%
8,88 Luxembourg
70%
8,39 Malta
42%
8,17 Uruguay
39%
8,28 Mauritius
17%
No matching quizzes found
Score Distribution
Percent of People with Each Score
Percentile by Number Answered
Your Score History
You have not taken this quiz